|
|
|
|
| LEADER |
00000nab a2200000 a 4500 |
| 001 |
vtls000449070 |
| 003 |
SK-MaSNL |
| 005 |
20260304082627.0 |
| 008 |
250424c1992 xo 0 slo |
| 015 |
|
|
|a SNBRB19rr/mm-uuuuu
|
| 035 |
|
|
|a CL0449201
|
| 035 |
|
|
|a urn:nbn:sk:snk-abdobc
|
| 035 |
|
|
|a (urnnbn)urn:nbn:sk:snk:ar-0012my
|
| 035 |
|
|
|a (uuid)bbe71685-1e31-46ac-8228-a6507efdf930
|
| 040 |
|
|
|a SNKBUCL
|b slo
|c SNKBUCL
|e AACR2
|
| 041 |
0 |
|
|a slo
|
| 044 |
|
|
|a xo
|c SK
|
| 080 |
|
|
|a 741.5.071.1
|2 1981
|
| 080 |
|
|
|a 929 Vanek, Marián
|2 1981
|
| 100 |
1 |
|
|a Vanek, Marián,
|d 1941-
|4 aut
|9 219341
|
| 245 |
1 |
0 |
|a Na bíne č. 41 Marián Vanek
|c Marián Vanek
|
| 600 |
1 |
7 |
|a Vanek, Marián,
|d 1941-
|2 snkbucl
|9 219341
|
| 655 |
|
7 |
|a články z novín a časopisov
|2 snkbucl
|9 267496
|
| 773 |
0 |
|
|t Javisko
|g Roč. 24, č. 2 (1992), s. 31-32
|
| 850 |
|
|
|a Slovenská národná knižnica
|
| 852 |
|
|
|a Slovenská národná knižnica
|
| 954 |
|
|
|a odborná, vedecká literatúra pôvodná (slovenská)
|2 lita
|
| 958 |
|
|
|a article19
|
| 958 |
|
|
|a OND
|
| 958 |
|
|
|a BX
|
| 958 |
|
|
|a RK
|
| 958 |
|
|
|a EUIPO
|
| 992 |
|
|
|a RBX
|
| 999 |
|
|
|c 2797421
|d 2799351
|